[Event "AUTO-ADV-4486"]
[Site "http://www.queenalice.com/game.php?id=1649923"]
[Date "2021.4.17"]
[Round "1"]
[White "Fischercat"]
[Black "jcbraga"]
[Result "1-0"]
[WhiteElo "1841"]
[BlackElo "1912"]

1. e4 e5 2. d4 exd4 3. Qxd4 Nc6 4. Qd1 Nf6 5. Bd3 Bc5 6. Nf3 Ng4 7. O-O O-O 8.
h3 Nge5 9. Nxe5 Nxe5 10. Bf4 Nxd3 11. Qxd3 d6 12. Nc3 a5 13. Qg3 Be6 14. Rfd1
Qf6 15. Nb5 Rac8 16. Rd3 Rfd8 17. e5 dxe5 18. Bxe5 Qg6 19. Qxg6 hxg6 20. Rxd8+
Rxd8 21. Bxc7 Ra8 22. Bd6 Bxd6 23. Nxd6 b6 24. Nb5 Bf5 25. c3 Bd3 26. Nd4 a4 27.
Rd1 Bc4 28. b3 axb3 29. axb3 Bd5 30. c4 Be4 31. Rd2 Ra1+ 32. Kh2 Bf5 33. Nxf5
gxf5 34. Rd6 b5 35. Rd8+ Kh7 36. cxb5 Ra8 37. Rxa8 g6 38. b6 1-0

[Event "AUTO-ADV-4486"]
[Site "http://www.queenalice.com/game.php?id=1649924"]
[Date "2021.4.17"]
[Round "1"]
[White "jcbraga"]
[Black "Fischercat"]
[Result "0-1"]
[WhiteElo "1846"]
[BlackElo "1844"]

1. e4 e5 2. Nf3 d6 3. Bc4 h6 4. Nc3 Bg4 5. Nxe5 dxe5 6. Qxg4 Nf6 7. Qf3 Bc5 8.
O-O O-O 9. d3 Nc6 10. Nd5 Nxd5 11. exd5 Nd4 12. Qd1 c6 13. dxc6 bxc6 14. Be3 Qb6
15. b3 Nf5 16. Bxc5 Qxc5 17. c3 Rad8 18. Qc1 Nd6 19. d4 exd4 20. cxd4 Qxd4 21.
Rd1 Qg4 22. Qa3 Nxc4 23. Qc1 Rxd1+ 24. Qxd1 Qxd1+ 25. Rxd1 Ne5 26. Rd7 Ra8 27.
Re7 Nd3 28. Rc7 c5 29. g3 Nc1 30. Rxc5 Nxa2 31. h4 Rb8 32. Ra5 Nc1 33. Rxa7 Nxb3
34. Kg2 Nc5 35. Rc7 Ne4 36. Rc2 Rb6 37. f3 Nf6 38. g4 Nd5 39. Re2 Nf4+ 40. Kf2
Nxe2 41. Kxe2 g6 42. Ke3 f6 43. Ke4 Kf7 44. f4 Re6+ 45. Kf3 g5 46. hxg5 fxg5 47.
fxg5 hxg5 48. Kg3 Kf6 49. Kf3 Ke5 50. Ke3 Ra6 51. Kf3 Ra3+ 52. Kg2 Kf4 53. Kf2
Kxg4 54. Kg2 Ra2+ 55. Kf1 Kf3 56. Ke1 g4 57. Kd1 g3 58. Ke1 g2 0-1

[Event "AUTO-ADV-4486"]
[Site "http://www.queenalice.com/game.php?id=1649931"]
[Date "2021.4.17"]
[Round "1"]
[White "jcbraga"]
[Black "Eggchaser"]
[Result "1-0"]
[WhiteElo "1882"]
[BlackElo "1906"]

1. e4 c5 2. Nf3 d6 3. d4 cxd4 4. Nxd4 Nf6 5. Nc3 g6 6. Bc4 Bg7 7. O-O O-O 8. f4
Nc6 9. Nxc6 bxc6 10. Bd3 a5 11. f5 Qb6+ 12. Kh1 Ba6 13. fxg6 fxg6 14. Na4 Qc7
15. Bf4 e5 16. Be3 Bxd3 17. cxd3 c5 18. b3 Nd7 19. Nc3 Nf6 20. Qd2 Ng4 21. Nd5
Qd8 22. Bg5 Bf6 23. Nxf6+ Nxf6 24. Rf3 1-0

[Event "AUTO-ADV-4486"]
[Site "http://www.queenalice.com/game.php?id=1649932"]
[Date "2021.4.17"]
[Round "1"]
[White "Eggchaser"]
[Black "jcbraga"]
[Result "1-0"]
[WhiteElo "1847"]
[BlackElo "1929"]

1. Nf3 d5 2. c4 dxc4 3. e3 b5 4. a4 Ba6 5. axb5 Bxb5 6. Nc3 c6 7. b3 cxb3 8.
Nxb5 cxb5 9. Bxb5+ Nd7 10. Qxb3 Nf6 11. Ba3 Rb8 12. O-O a6 13. Bxd7+ Nxd7 14.
Qa4 Qb6 15. Nd4 e6 16. Bxf8 Kxf8 17. Qxd7 Rd8 18. Rxa6 Rxd7 19. Rxb6 g6 20. Rb8+
Kg7 21. Rxh8 Kxh8 22. g3 e5 23. Nf3 f6 24. d4 exd4 25. Nxd4 f5 26. Rc1 Kg8 27.
Rc8+ Kf7 28. Rc6 Ke7 29. Re6+ Kf7 30. Rc6 Ke7 31. Kg2 Rd6 32. Rc7+ Rd7 33. Rxd7+
Kxd7 34. Kf3 Ke7 35. Kf4 Kf6 36. h4 h6 37. Nc6 g5+ 38. hxg5+ hxg5+ 39. Kf3 Ke6
40. e4 fxe4+ 41. Kxe4 Kf6 42. g4 Ke6 43. Nd4+ Kf6 44. Nf3 Kg6 45. Ke5 Kh6 46.
Kf6 Kh7 47. Kxg5 Kg7 48. Ne5 Kh7 49. Kf6 Kg8 50. Nd7 Kh8 51. Kf7 Kh7 52. g5 Kh8
53. Ne5 Kh7 54. g6+ Kh8 55. g7+ 1-0

[Event "AUTO-ADV-4469"]
[Site "http://www.queenalice.com/game.php?id=1758382"]
[Date "2021.5.3"]
[Round "2"]
[White "flanny"]
[Black "jcbraga"]
[Result "0-1"]
[WhiteElo "1741"]
[BlackElo "1827"]

1. d4 d5 2. Nc3 Nf6 3. h3 e6 4. Bf4 c6 5. Nf3 Be7 6. Ne5 O-O 7. Qd3 Bd6 8. e4
dxe4 9. Nxe4 Bxe5 10. Bxe5 Nxe4 11. Qxe4 c5 12. Qg4 g6 13. dxc5 Qd5 14. Bd4 Nd7
15. b3 Nxc5 16. Bc4 Qe4+ 17. Be2 Qxc2 18. O-O e5 19. Rac1 Qxc1 20. Rxc1 Bxg4 21.
Bxg4 exd4 22. Rxc5 d3 23. Bd1 b6 24. Rd5 Rfd8 25. Re5 Rac8 26. Kf1 Rc1 27. Ke1
d2+ 28. Ke2 Ra1 29. Re3 Rxa2 30. g4 Kf8 31. Rc3 b5 32. f4 a5 33. Rc5 Rb8 34. g5
Kg7 35. Bc2 Rd8 36. Bd1 b4 37. Rc4 h6 38. gxh6+ Kxh6 39. f5 gxf5 40. Rc6+ Kg5
41. Rc4 f4 42. h4+ Kg4 43. Kf2+ Kxh4 44. Rxf4+ Kg5 45. Rxf7 Rd3 46. Rg7+ Kf6 47.
Rc7 Rxb3 48. Rc6+ Ke5 49. Ke2 Rbb2 50. Ra6 Ra1 51. Rc6 a4 52. Ra6 a3 53. Rc6 a2
54. Ra6 Rxd1 55. Kxd1 Rb1+ 56. Kxd2 a1=Q 57. Rxa1 Rxa1 58. Kc2 Rh1 59. Kb2 Rh3
60. Kc2 Kd4 61. Kb2 Kc4 62. Kc2 Rh2+ 63. Kb1 Kc3 64. Ka1 b3 0-1

[Event "AUTO-ADV-4469"]
[Site "http://www.queenalice.com/game.php?id=1758383"]
[Date "2021.5.3"]
[Round "2"]
[White "jcbraga"]
[Black "flanny"]
[Result "0-1"]
[WhiteElo "1848"]
[BlackElo "1720"]

1. e4 e5 2. Nf3 d6 3. Bc4 h6 4. Nc3 c6 5. O-O b5 6. Bb3 a5 7. a3 a4 8. Ba2 Ba6
9. Re1 Nf6 10. d3 Nbd7 11. d4 exd4 12. Nxd4 Ne5 13. f4 Ng6 14. Nxc6 Qb6+ 15. Nd4
Be7 16. Be3 Qc7 17. Ndxb5 Bxb5 18. Nxb5 Qd7 19. Nc3 Rb8 20. b3 axb3 21. cxb3 O-O
22. f5 Ne5 23. b4 Rfc8 24. Bf4 Rxc3 25. Bxe5 dxe5 26. Qxd7 Nxd7 27. Kf1 Bg5 28.
Rad1 Nf6 29. Ra1 Ng4 30. Kg1 Be3+ 31. Kf1 Rc2 32. Re2 Nxh2+ 33. Ke1 Rc3 34. g3
Nf3+ 35. Kf1 Nd2+ 36. Kg2 Nxe4 37. Rae1 Bf2 38. Rxe4 Bxe1 39. Rxe1 Rc2+ 40. Kh3
Rxa2 41. Rxe5 Rxa3 42. b5 Ra5 43. g4 Raxb5 44. Rxb5 Rxb5 45. Kg3 g6 46. fxg6
fxg6 47. Kf4 Kg7 48. Ke4 Kf6 49. Kf4 Rb4+ 50. Kf3 Kg5 51. Kg3 Rxg4+ 52. Kh3 h5
53. Kh2 h4 54. Kh3 Rg3+ 55. Kh2 Kg4 56. Kh1 Rf3 57. Kg2 h3+ 58. Kh2 Rf2+ 59. Kh1
Kg3 60. Kg1 h2+ 0-1

[Event "AUTO-ADV-4500"]
[Site "http://www.queenalice.com/game.php?id=1759796"]
[Date "2021.5.18"]
[Round "1"]
[White "jcbraga"]
[Black "Castling"]
[Result "1-0"]
[WhiteElo "1830"]
[BlackElo "1691"]

1. e4 e5 2. Nf3 d6 3. Bc4 h6 4. Nc3 a6 5. d3 Nc6 6. Bd2 Nf6 7. Qe2 Qe7 8. O-O-O
Bg4 9. h3 Bh5 10. g4 Bg6 11. Nh4 Nd7 12. Nxg6 fxg6 13. f4 Nd4 14. Qf2 O-O-O 15.
fxe5 Qxe5 16. Ne2 Nxe2+ 17. Qxe2 Nc5 18. Bc3 Qf4+ 19. Kb1 Rh7 20. Rdf1 Qg5 21.
h4 Qe7 22. Rf3 Ne6 23. Qf2 Kb8 24. Bxe6 Qxe6 25. Rxf8 Rxf8 26. Qxf8+ Qc8 27.
Qxc8+ Kxc8 28. h5 gxh5 29. Rxh5 g5 30. e5 dxe5 31. Bxe5 b5 32. Rh2 Re7 33. d4 c5
34. c3 cxd4 35. cxd4 Kd7 36. Rxh6 Re6 37. Rxe6 Kxe6 38. Kc2 1-0

[Event "AUTO-ADV-4500"]
[Site "http://www.queenalice.com/game.php?id=1759797"]
[Date "2021.5.18"]
[Round "1"]
[White "Castling"]
[Black "jcbraga"]
[Result "0-1"]
[WhiteElo "1640"]
[BlackElo "1893"]

1. e4 e5 2. Bc4 d6 3. h3 Nf6 4. d3 Be6 5. Bxe6 fxe6 6. Bg5 Be7 7. Nc3 O-O 8. Nf3
h6 9. Be3 Nc6 10. a3 d5 11. exd5 exd5 12. d4 exd4 13. Nxd4 Nxd4 14. Qxd4 b6 15.
O-O-O Bc5 16. Qd3 Bxe3+ 17. fxe3 c6 18. Rhf1 Qc7 19. Qg6 Qf7 20. e4 Qxg6 0-1

[Event "AUTO-ADV-4500"]
[Site "http://www.queenalice.com/game.php?id=1759798"]
[Date "2021.5.18"]
[Round "1"]
[White "jcbraga"]
[Black "kuntakinte"]
[Result "0-1"]
[WhiteElo "1880"]
[BlackElo "1768"]

1. e4 e5 2. Nf3 d6 3. Bc4 Be6 4. Bxe6 fxe6 5. d3 d5 6. exd5 Qxd5 7. O-O Nf6 8.
Re1 Bd6 9. Nc3 Qc6 10. Nxe5 Bxe5 11. Rxe5 Nbd7 12. Re2 O-O-O 13. Bg5 h6 14. Be3
g5 15. a4 Rhg8 16. Nb5 Qa6 17. Nxa7+ Kb8 18. Nb5 Nd5 19. c4 Nxe3 20. Rxe3 c6 21.
Nd4 e5 22. Nf3 Rge8 23. Qd2 c5 24. b3 Qf6 25. Rae1 g4 26. Nxe5 Nxe5 27. Qc3 Nf3+
28. gxf3 Qxc3 29. Rxe8 Rxe8 30. Rxe8+ Ka7 31. fxg4 Qxd3 32. Re3 Qd1+ 33. Kg2
Qxg4+ 34. Rg3 Qe4+ 35. Kg1 h5 36. Rh3 Qg4+ 37. Rg3 Qf4 38. Kg2 h4 39. Re3 Ka6
40. Rf3 Qe4 41. h3 Ka5 0-1

[Event "AUTO-ADV-4500"]
[Site "http://www.queenalice.com/game.php?id=1759799"]
[Date "2021.5.18"]
[Round "1"]
[White "kuntakinte"]
[Black "jcbraga"]
[Result "1/2-1/2"]
[WhiteElo "1763"]
[BlackElo "1899"]

1. e4 e5 2. Bc4 Nf6 3. Nc3 Bc5 4. a3 d6 5. Nf3 Bg4 6. O-O O-O 7. d3 Nc6 8. b4
Bd4 9. Bb2 a6 10. b5 axb5 11. Bxb5 Na7 12. Ba4 c6 13. Rb1 b5 14. Bb3 d5 15. a4
dxe4 16. Nxe4 Bxb2 17. Rxb2 Nxe4 18. dxe4 Qxd1 19. Rxd1 Rad8 20. c3 Bxf3 21.
gxf3 Rxd1+ 22. Bxd1 bxa4 23. Bxa4 g6 24. Ra2 Nb5 25. Bxb5 cxb5 26. Rb2 Rc8 27.
Rb3 Kg7 28. Kf1 h5 29. Ke2 g5 30. Kd3 Kg6 31. Rxb5 f6 32. c4 g4 33. fxg4 hxg4
34. c5 Kg5 35. Kc4 f5 36. exf5 Kxf5 37. Kd5 Kf4 1/2-1/2

[Event "AUTO-ADV-4500"]
[Site "http://www.queenalice.com/game.php?id=1759800"]
[Date "2021.5.18"]
[Round "1"]
[White "jcbraga"]
[Black "Lintz"]
[Result "1/2-1/2"]
[WhiteElo "1840"]
[BlackElo "2039"]

1. e4 c5 2. Nf3 d6 3. d4 cxd4 4. Nxd4 Nf6 5. Nc3 a6 6. Bc4 e6 7. Bg5 Be7 8. O-O
Nc6 9. h3 Bd7 10. Re1 Nxe4 11. Bxe7 Nxc3 12. bxc3 Qxe7 13. Nf5 Qf6 14. Nxd6+ Kf8
15. Nxb7 Qe7 16. Nd6 g6 17. Ne4 Kg7 18. Rb1 Rhd8 19. Qe2 a5 20. Qe3 f6 21. Nc5
e5 22. Bb5 Be8 23. Bxc6 Bxc6 24. Rb6 Rd6 25. Ne4 Bxe4 26. Rxd6 Qxd6 27. Qxe4 Qd8
28. Qb7+ Kh8 29. Qb1 Qc7 30. Re3 Rb8 31. Qe1 Rb2 32. Qa1 Qb7 33. Re1 Rxc2 34.
Rc1 Rb2 35. c4 Qb6 36. c5 Qb8 37. a4 Qb4 38. c6 Qd4 39. Rf1 Rc2 40. Qxd4 exd4
41. Rd1 d3 42. Rxd3 Rxc6 43. Rd5 Ra6 44. f3 f5 45. g4 fxg4 46. hxg4 Ra7 47. f4
Kg7 48. Kf2 h6 49. Kg3 Kf7 50. f5 gxf5 51. Rxf5+ Kg6 52. Kf4 Rf7 53. Rxf7 Kxf7
54. Kf5 Kg7 55. g5 h5 56. g6 h4 57. Kg4 Kxg6 58. Kxh4 Kf5 59. Kg3 Ke4 60. Kf2
Kd3 1/2-1/2

[Event "AUTO-ADV-4500"]
[Site "http://www.queenalice.com/game.php?id=1759801"]
[Date "2021.5.18"]
[Round "1"]
[White "Lintz"]
[Black "jcbraga"]
[Result "1-0"]
[WhiteElo "1941"]
[BlackElo "1894"]

1. e4 e5 2. Nf3 d6 3. c3 Nf6 4. Be2 Nxe4 5. Qa4+ Nc6 6. Qxe4 g6 7. d3 Bf5 8. Qa4
Bd7 9. Qd1 Bg7 10. O-O O-O 11. b3 Re8 12. Re1 d5 13. Bb2 e4 14. Nd4 Nxd4 15.
cxd4 c5 16. dxe4 cxd4 17. Bxd4 Bxd4 18. Qxd4 dxe4 19. Nc3 Qc7 20. Nxe4 Kf8 21.
Bf3 Rad8 22. Qh8+ Ke7 23. Ng5+ Be6 24. Rxe6+ fxe6 25. Qg7+ Kd6 26. Ne4+ Kd5 27.
Qxc7 e5 28. Rd1+ Ke6 29. Rxd8 Rxd8 30. Qxd8 h5 31. Qf6+ Kd5 32. Qd6# 1-0

[Event "AUTO-ADV-4469"]
[Site "http://www.queenalice.com/game.php?id=1766845"]
[Date "2021.8.13"]
[Round "3"]
[White "ratorei"]
[Black "jcbraga"]
[Result "1-0"]
[WhiteElo "2161"]
[BlackElo "1843"]

1. e4 e5 2. Nf3 Nc6 3. d4 exd4 4. Nxd4 Nxd4 5. Qxd4 d6 6. Bc4 Be6 7. Bd3 Nf6 8.
O-O Be7 9. Bf4 O-O 10. e5 dxe5 11. Bxe5 c5 12. Qc3 Nd5 13. Qd2 Bf6 14. f4 Bxe5
15. fxe5 b6 16. Nc3 Nxc3 17. Qxc3 Qg5 18. Rf3 Rac8 19. Raf1 Rc7 20. Bf5 Bxf5 21.
Rxf5 Qe7 22. R1f4 Qd8 23. h4 h6 24. h5 Re7 25. Qg3 Qd1+ 26. Kh2 Qxc2 27. Rf2 Qc4
28. R2f4 Qxa2 29. Rg4 g6 30. hxg6 fxg6 31. Rxg6+ 1-0

[Event "AUTO-ADV-4469"]
[Site "http://www.queenalice.com/game.php?id=1766846"]
[Date "2021.8.13"]
[Round "3"]
[White "jcbraga"]
[Black "ratorei"]
[Result "0-1"]
[WhiteElo "1847"]
[BlackElo "2158"]

1. e4 c5 2. Nf3 Nc6 3. d4 cxd4 4. Nxd4 e5 5. Nxc6 bxc6 6. Bd3 a5 7. Nc3 a4 8.
O-O Nf6 9. Bg5 Be7 10. f4 Qb6+ 11. Kh1 Qxb2 12. fxe5 Qxc3 13. exf6 gxf6 14. Bd2
Qc5 15. a3 Rg8 16. Bb4 Qg5 17. Qf3 c5 18. Bc3 Bb7 19. Rab1 Bc6 20. Rf2 d5 21.
Re1 Ra7 22. Bd2 Qg4 23. Qxg4 Rxg4 24. exd5 Bxd5 25. Rxf6 Rxg2 26. Be4 Bxe4 27.
Rxe4 Rxd2 28. Rh6 Rb7 29. Rxh7 Rb1+ 0-1

[Event "AUTO-ADV-4469"]
[Site "http://www.queenalice.com/game.php?id=1766849"]
[Date "2021.8.13"]
[Round "3"]
[White "jcbraga"]
[Black "flanny"]
[Result "1-0"]
[WhiteElo "1840"]
[BlackElo "1683"]

1. e4 e5 2. Nf3 d6 3. Bc4 c6 4. d3 b5 5. Bb3 h6 6. O-O a5 7. a3 a4 8. Ba2 Na6 9.
Nc3 Nf6 10. Be3 Bg4 11. h3 Bh5 12. g4 Bg6 13. b4 axb3 14. cxb3 Be7 15. b4 c5 16.
bxc5 d5 17. exd5 Nxc5 18. Bxc5 Bxc5 19. Nxe5 Rxa3 20. Nxg6 fxg6 21. Qe2+ Be7 22.
Nxb5 Ra5 23. Nc3 O-O 24. d6+ Kh7 25. dxe7 Qe8 26. exf8=Q Qxf8 27. Qe1 Ra7 28.
Bg8+ Qxg8 29. Rxa7 Qb8 30. Qa1 h5 31. Ne4 Nd5 32. Qxg7# 1-0

[Event "AUTO-ADV-4469"]
[Site "http://www.queenalice.com/game.php?id=1766850"]
[Date "2021.8.13"]
[Round "3"]
[White "flanny"]
[Black "jcbraga"]
[Result "1/2-1/2"]
[WhiteElo "1673"]
[BlackElo "1850"]

1. e4 e5 2. Bc4 Nf6 3. Nh3 d5 4. exd5 Bxh3 5. gxh3 Nxd5 6. Qf3 c6 7. d3 b5 8.
Bxd5 Qxd5 9. Qe4 Nd7 10. Nc3 Qxe4+ 11. dxe4 Bb4 12. Bd2 O-O-O 13. a3 Ba5 14. b4
Bb6 15. O-O Nf6 16. Bg5 Bd4 17. Bd2 Rd6 18. Rad1 Rhd8 19. Ne2 Bxf2+ 20. Rxf2
Rxd2 21. Rxd2 Rxd2 22. Ng3 Rxf2 23. Kxf2 Kd8 24. Nf5 g6 25. Nd6 Kd7 26. Nxf7
Nxe4+ 27. Ke3 Nd6 28. Nxe5+ Kc7 29. Kd4 Kb6 30. Nd7+ Kc7 31. Nf6 h6 32. Ng8 h5
33. Kc5 g5 34. Nf6 h4 35. Nh7 Nf7 36. Nf6 Nd8 1/2-1/2

[Event "AUTO-ADV-4468"]
[Site "http://www.queenalice.com/game.php?id=1773172"]
[Date "2021.10.25"]
[Round "3"]
[White "Eggchaser"]
[Black "jcbraga"]
[Result "1-0"]
[WhiteElo "1854"]
[BlackElo "1829"]

1. e4 e5 2. Nf3 Nc6 3. Bb5 d6 4. d4 exd4 5. Nxd4 Bd7 6. Nc3 Nf6 7. Bg5 Be7 8.
O-O O-O 9. Nxc6 Bxc6 10. Bxc6 bxc6 11. Re1 Re8 12. Qd3 h6 13. Bh4 Nd7 14. Bxe7
Rxe7 15. f4 Nc5 16. Qf3 Rb8 17. b3 Qe8 18. Rad1 f6 19. Re2 Rd8 20. Rde1 Qd7 21.
Rd1 a5 22. Red2 Kf7 23. h3 g6 24. e5 fxe5 25. fxe5+ Kg7 26. exd6 cxd6 27. Rxd6
Re1+ 28. Rxe1 Qxd6 29. Qe3 Rd7 30. Qe5+ Qxe5 31. Rxe5 Nb7 32. Ne4 c5 33. Nxc5
Nxc5 34. Rxc5 Ra7 35. a4 h5 36. h4 Ra6 37. c4 Rb6 38. Rb5 Ra6 39. c5 Kh6 40. Rb6
Rxb6 41. cxb6 1-0

[Event "AUTO-ADV-4468"]
[Site "http://www.queenalice.com/game.php?id=1773173"]
[Date "2021.10.25"]
[Round "3"]
[White "jcbraga"]
[Black "Eggchaser"]
[Result "0-1"]
[WhiteElo "1843"]
[BlackElo "1900"]

1. e4 c5 2. Nc3 Nc6 3. Nf3 d6 4. d4 cxd4 5. Nxd4 Nf6 6. Bb5 Bd7 7. O-O g6 8. Bf4
Bg7 9. Bxc6 bxc6 10. Re1 e5 11. Nxc6 Bxc6 12. Bg5 Qc7 13. b3 O-O 14. Qf3 Nd7 15.
Rad1 f5 16. Qd3 Qb6 17. Be7 fxe4 18. Nxe4 Bxe4 19. Qxe4 Qxf2+ 20. Kh1 Nf6 21.
Bxf6 Qxf6 22. Qc4+ Qf7 23. Qxf7+ Rxf7 24. Rxd6 a5 25. Red1 Rff8 26. R6d5 Rf2 27.
R5d2 Raf8 28. Kg1 Rxd2 29. Rxd2 e4 30. Re2 Bd4+ 0-1

[Event "Challenge"]
[Site "http://www.queenalice.com/game.php?id=1774722"]
[Date "2021.11.13"]
[Round "-"]
[White "cristal_negro"]
[Black "jcbraga"]
[Result "0-1"]
[WhiteElo "1944"]
[BlackElo "1814"]

1. e4 e5 2. Nf3 Nc6 3. c3 Bc5 4. Bc4 h6 5. O-O Nf6 6. d3 O-O 7. Be3 Bxe3 8. fxe3
d5 9. exd5 Nxd5 10. Re1 a6 11. Bxd5 Qxd5 12. e4 Qc5+ 13. d4 exd4 14. Kh1 dxc3
15. Nxc3 Bg4 16. h3 Bh5 17. Nd5 Bxf3 18. Qxf3 Ne5 19. Qg3 Qd6 20. Rf1 Kh8 21.
Rad1 Nc4 22. Qc3 b5 23. b4 Rad8 24. Ne3 Qg6 25. Nf5 Rxd1 26. Rxd1 Nd6 27. Qd3
Nxf5 28. exf5 Qf6 29. Qc2 c6 30. a3 Re8 31. Qf2 Ra8 32. Rc1 a5 33. Qf3 axb4 34.
axb4 Ra1 35. Rxa1 Qxa1+ 36. Kh2 Qe5+ 37. Kg1 c5 38. bxc5 Qxc5+ 39. Kh2 b4 40. f6
Qe5+ 41. g3 Qxf6 42. Qb3 Qe7 43. h4 Qe2+ 44. Kg1 Qe1+ 45. Kg2 Qe7 46. h5 Qe2+
47. Kg1 Qxh5 48. Qxb4 Qg6 49. Qb8+ Kh7 50. Qf4 f6 51. Kg2 h5 52. Kf2 Qg5 53.
Qe4+ Qg6 54. Qf3 Qf7 55. Qe3 Qa2+ 56. Kg1 Qa1+ 57. Kg2 Qe5 58. Qf3 f5 59. Qxh5+
Kg8 60. Kh3 Qe4 61. Qg5 Qh1# 0-1

[Event "Challenge"]
[Site "http://www.queenalice.com/game.php?id=1778633"]
[Date "2021.12.29"]
[Round "-"]
[White "cristal_negro"]
[Black "jcbraga"]
[Result "1-0"]
[WhiteElo "1917"]
[BlackElo "1837"]

1. e4 e5 2. Nf3 Nc6 3. c3 d5 4. Bb5 dxe4 5. Nxe5 Bd7 6. Nxd7 Qxd7 7. d4 O-O-O 8.
O-O Qd5 9. Na3 Bxa3 10. Bxc6 Qxc6 11. bxa3 Qxc3 12. Be3 Nf6 13. a4 Kb8 14. Qb1
Nd5 15. Rc1 Qa3 16. Qb5 Nxe3 17. fxe3 Qxe3+ 18. Kh1 Qxd4 19. h3 Rhe8 20. Rab1 b6
21. a5 Re5 22. Qc6 Qd7 23. Qc2 e3 24. Qc3 e2 25. Qxe5 Qd1+ 26. Kh2 Qd6 27. Qxd6
Rxd6 28. Re1 Rd2 29. a3 Ra2 30. Rb3 h5 31. axb6 axb6 32. Re3 g5 33. R1xe2 Ra1
34. Rb3 f5 35. Re8+ Kb7 36. Re5 g4 37. Rxf5 h4 38. hxg4 Rc1 39. g5 1-0

[Event "Challenge"]
[Site "http://www.queenalice.com/game.php?id=1778634"]
[Date "2021.12.29"]
[Round "-"]
[White "jcbraga"]
[Black "cristal_negro"]
[Result "0-1"]
[WhiteElo "1824"]
[BlackElo "1916"]

1. e4 e5 2. Nf3 d6 3. Bc4 Qf6 4. d3 Bg4 5. h3 Be6 6. Bb3 Bxb3 7. axb3 Be7 8. O-O
Qg6 9. Nc3 Nf6 10. Nd5 Nxd5 11. exd5 O-O 12. Be3 Nd7 13. Rxa7 Rxa7 14. Bxa7 b6
15. Qe2 Ra8 16. Ra1 h5 17. b4 Nf8 18. Qd1 Nd7 19. c4 e4 20. dxe4 Bf6 21. Ra2 Ne5
22. Nd4 Nxc4 23. Nc6 Qxe4 24. b3 Ne5 25. Re2 Qh4 26. Nxe5 dxe5 27. Ra2 g6 28.
Qd2 Be7 29. Bxb6 Rxa2 30. Qxa2 cxb6 31. Qa8+ Kg7 32. Qb8 Qxb4 33. Qxe5+ Bf6 34.
Qe3 Qd6 35. Qd3 Be5 36. g3 Qc5 37. Kg2 Bd4 38. d6 Qxd6 39. h4 Qf6 40. Qf3 Qd6
41. Kh3 Qe6+ 42. Kg2 b5 43. Kh2 b4 44. Qf4 Bc5 45. Qf3 Qe1 46. Kg2 Qd2 47. Kf1
Bd4 48. Qe2 Qc3 49. Qd1 Qb2 50. Qf3 Bc3 51. Qe2 Qxb3 0-1

[Event "Challenge"]
[Site "http://www.queenalice.com/game.php?id=1780321"]
[Date "2022.1.13"]
[Round "-"]
[White "jcbraga"]
[Black "dosoldini"]
[Result "1-0"]
[WhiteElo "1835"]
[BlackElo "1487"]

1. e4 e5 2. Nf3 Nc6 3. d4 Nf6 4. Nc3 exd4 5. Nxd4 Bc5 6. Be3 a6 7. Nxc6 dxc6 8.
Qxd8+ Kxd8 9. Bxc5 Re8 10. Bd3 Be6 11. O-O-O Bd7 12. Rhe1 b6 13. Bd4 Re6 14. Bc4
Nd5 15. exd5 Rxe1 16. Rxe1 b5 17. dxc6 1-0